000 00511pam a2200157a 44500
008 230515b2018 xxu||||| |||| 00| 0 eng d
020 _a9789383864294
041 _aENGLISH
082 _a0000
100 _aMINISTRY OF AYUSH
245 _aAYUSH SYSTEM A FOCUS ON CORE ACHIEVEMENTS AND POENTIAL AREAS FOR INTRA AYUSH COLLABARATION
250 _aI
260 _aNEWDELHI
_bNULL
_c2018
300 _a197
650 _aAYUSH SYSTEM A FOCUS ON CORE ACHIEVEMENTS AND POENTIAL AREAS FOR INTRA AYUSH COLLABARATION
999 _c502260
_d502260